| 000 | 00589nam a2200169 4500 | ||
|---|---|---|---|
| 001 | 113211 | ||
| 003 | ES-MaACL | ||
| 005 | 20230906185810.0 | ||
| 007 | t| | ||
| 008 | 061121s1905 fr r ||||1| fre d | ||
| 100 | 1 |
_aMyers, Frederic William Henry. _9130339 |
|
| 245 | 1 | 3 |
_aLa personalité humaine _b: la survivance , ses manifestations supranormales / _cpar Frederic W. H. Myers ; traductionet adaptacion par le Dr. S. Jan Kelevith. |
| 260 |
_aParis : _bChartres- Durand, _c1905. |
||
| 300 |
_aXVI, 421 p. ; _c23 cm. |
||
| 700 | 1 |
_aJan Kelevith, S. _965992 |
|
| 852 |
_aES-MaACL _jB-6880 |
||
| 999 |
_c113211 _d113211 |
||